Normal view
MARC view
- Jeffrey B. Goldberg
Entry Corporate Name
001 - CONTROL NUMBER
- control field: 127605
003 - CONTROL NUMBER IDENTIFIER
- control field: NUST
005 - DATE AND TIME OF LATEST TRANSACTION
- control field: 20250115153942.0
008 - FIXED-LENGTH DATA ELEMENTS
- fixed length control field: 250115|| aca||aabn | a|a d
040 ## - CATALOGING SOURCE
- Original cataloging agency: NUST
- Transcribing agency: NUST
110 ## - HEADING--CORPORATE NAME
- Corporate name or jurisdiction name as entry element: Jeffrey B. Goldberg
670 ## - SOURCE DATA FOUND
- Source citation: Work cat.: (NUST): Ronald G. Askin 127604, Design and Analysis of Lean Production Systems, 2002.
